[Event "CAN-op"]
[Site "Sackville CAN"]
[Date "2001.07.12"]
[Round "7"]
[White "Ng, Gary"]
[Black "Angers, Gilles"]
[Result "1-0"]
[WhiteElo "1731"]
[BlackElo "2052"]
[PlyCount "71"]
[GameId "2160767911564236"]
[EventDate "2001.07.07"]
[EventType "swiss"]
[EventRounds "10"]
[EventCountry "CAN"]
[SourceTitle "EXT 2006"]
[Source "ChessBase"]
[SourceDate "2005.11.24"]
[SourceVersion "1"]
[SourceVersionDate "2005.11.24"]
[SourceQuality "1"]

1. f4 d5 2. Nf3 Nf6 3. e3 Bg4 4. Be2 Nbd7 5. Ne5 Bxe2 6. Qxe2 e6 7. b3 Ne4 8. O-O Be7 9. Bb2 O-O 10. d3 Nd6 11. Nxd7 Qxd7 12. Rf3 f5 13. Nd2 Bf6 14. Bxf6 Rxf6 15. e4 fxe4 16. dxe4 Rf7 17. e5 Nf5 18. Qf2 a5 19. g4 Ne7 20. Re1 g6 21. Nf1 Raf8 22. Ng3 Qc8 23. h4 Kh8 24. h5 g5 25. f5 exf5 26. e6 Rf6 27. gxf5 h6 28. Qd4 Kh7 29. c4 c6 30. Qc5 Qc7 31. cxd5 Nxd5 32. e7 Re8 33. Ne4 Rf7 34. f6 Nxe7 35. Nd6 b6 36. Qc2+ 1-0

[Event "CAN-op"]
[Site "Sackville CAN"]
[Date "2001.07.12"]
[Round "7"]
[White "Nuschke, Alex"]
[Black "Erickson, John"]
[Result "0-1"]
[WhiteElo "1632"]
[BlackElo "1807"]
[PlyCount "72"]
[GameId "2160767911564237"]
[EventDate "2001.07.07"]
[EventType "swiss"]
[EventRounds "10"]
[EventCountry "CAN"]
[SourceTitle "EXT 2006"]
[Source "ChessBase"]
[SourceDate "2005.11.24"]
[SourceVersion "1"]
[SourceVersionDate "2005.11.24"]
[SourceQuality "1"]

1. e4 c5 2. Nf3 d6 3. Bb5+ Nc6 4. O-O Bd7 5. Nc3 g6 6. Re1 Bg7 7. d3 Nd4 8. Bxd7+ Qxd7 9. Nxd4 Bxd4 10. Ne2 Bg7 11. c3 Nf6 12. Ng3 O-O 13. Bf4 Rfd8 14. Qd2 d5 15. e5 Ne8 16. h4 Nc7 17. h5 Ne6 18. hxg6 hxg6 19. Bh6 Kh7 20. Bxg7 Kxg7 21. f4 Rh8 22. f5 Nd8 23. Qg5 Qc6 24. f6+ exf6 25. Nf5+ Kf8 26. exf6 Rh5 27. Qe3 gxf5 28. Qe7+ Kg8 29. Re3 Ne6 30. Rg3+ Rg5 31. Rh3 d4 32. Rh2 Nf4 33. g3 Rxg3+ 34. Kf2 Qf3+ 35. Ke1 Rg1+ 36. Kd2 Qxd3# 0-1

[Event "CAN-op"]
[Site "Sackville CAN"]
[Date "2001.07.12"]
[Round "7"]
[White "O'Donnell, Tom"]
[Black "Christiansen, Larry"]
[Result "1/2-1/2"]
[WhiteElo "2357"]
[BlackElo "2570"]
[PlyCount "101"]
[GameId "2160767911564238"]
[EventDate "2001.07.07"]
[EventType "swiss"]
[EventRounds "10"]
[EventCountry "CAN"]
[SourceTitle "EXT 2002"]
[Source "ChessBase"]
[SourceDate "2001.11.25"]
[SourceVersion "1"]
[SourceVersionDate "2001.11.25"]
[SourceQuality "1"]

1. e4 e5 2. Nf3 Nc6 3. Bb5 a6 4. Bxc6 dxc6 5. O-O Bg4 6. h3 h5 7. d3 Qf6 8. Nbd2 Ne7 9. Re1 Ng6 10. d4 Nf4 11. c3 Be7 12. Re3 exd4 13. cxd4 Qg6 14. hxg4 hxg4 15. Nh2 Rxh2 16. Kxh2 O-O-O 17. Rg3 Rh8+ 18. Kg1 f5 19. Nf1 Qh6 20. f3 Bh4 21. Bxf4 Qxf4 22. Qe1 g5 23. fxg4 fxg4 24. Qe3 Bxg3 25. Qxg3 Qxe4 26. Rd1 Kb8 27. Nh2 Rh4 28. Qe5 Qc2 29. Rf1 Qxb2 30. Qc5 b6 31. Qe5 Qxa2 32. Qxg5 Rh8 33. Nxg4 Rg8 34. Qf4 a5 35. Qe4 Kb7 36. Ne5 Qe6 37. Rc1 Qd5 38. Qxd5 cxd5 39. Kf2 a4 40. g4 b5 41. Ke3 Kb6 42. Kd3 a3 43. Kc3 c5 44. Nd7+ Ka5 45. Nxc5 b4+ 46. Kb3 Rxg4 47. Nb7+ Kb6 48. Kxb4 Rxd4+ 49. Kxa3 Kxb7 50. Kb3 Kb6 51. Rc8 1/2-1/2

[Event "CAN-op"]
[Site "Sackville CAN"]
[Date "2001.07.12"]
[Round "7"]
[White "Palsson, Halldor"]
[Black "Fairbairn, Stephen"]
[Result "1/2-1/2"]
[WhiteElo "2182"]
[BlackElo "2028"]
[PlyCount "68"]
[GameId "2160767911564239"]
[EventDate "2001.07.07"]
[EventType "swiss"]
[EventRounds "10"]
[EventCountry "CAN"]
[SourceTitle "EXT 2006"]
[Source "ChessBase"]
[SourceDate "2005.11.24"]
[SourceVersion "1"]
[SourceVersionDate "2005.11.24"]
[SourceQuality "1"]

1. d4 Nf6 2. c4 g6 3. Nc3 d5 4. Nf3 Bg7 5. cxd5 Nxd5 6. e4 Nxc3 7. bxc3 O-O 8. Be2 c5 9. O-O cxd4 10. cxd4 Nc6 11. Be3 e6 12. Qd2 b6 13. Rad1 Bb7 14. d5 exd5 15. exd5 Ne5 16. Nxe5 Bxe5 17. f4 Bd6 18. f5 Re8 19. Bf4 Bxf4 20. Rxf4 Qxd5 21. Qxd5 Bxd5 22. Bb5 Re5 23. fxg6 hxg6 24. a4 Be6 25. h3 a6 26. Bc6 Rb8 27. Rb4 Rc5 28. Rd6 Rc1+ 29. Kh2 Ra1 30. Be4 a5 31. Rdxb6 Rxb6 32. Rxb6 Rxa4 33. Bxg6 fxg6 34. Rxe6 Kf7 1/2-1/2

[Event "CAN-op"]
[Site "Sackville CAN"]
[Date "2001.07.12"]
[Round "7"]
[White "Panjwani, Dilip"]
[Black "Lavergne, Daniel"]
[Result "1-0"]
[WhiteElo "1587"]
[BlackElo "1808"]
[PlyCount "45"]
[GameId "2160767911564240"]
[EventDate "2001.07.07"]
[EventType "swiss"]
[EventRounds "10"]
[EventCountry "CAN"]
[SourceTitle "EXT 2006"]
[Source "ChessBase"]
[SourceDate "2005.11.24"]
[SourceVersion "1"]
[SourceVersionDate "2005.11.24"]
[SourceQuality "1"]

1. e4 d5 2. exd5 Nf6 3. d4 Bg4 4. f3 Bf5 5. Bb5+ Nbd7 6. Bxd7+ Qxd7 7. c4 h6 8. Nc3 O-O-O 9. Nge2 e6 10. dxe6 Qxe6 11. Qa4 a6 12. O-O Bd3 13. d5 Bc5+ 14. Kh1 Qd6 15. Qd1 Rhe8 16. Qxd3 g5 17. a3 Qe5 18. f4 gxf4 19. Bxf4 Qh5 20. Ng3 Qh4 21. Qf5+ Kb8 22. Bxc7+ Kxc7 23. Qxf6 1-0

[Event "CAN-op"]
[Site "Sackville CAN"]
[Date "2001.07.12"]
[Round "7"]
[White "Parker, Laurie"]
[Black "Gustafson, Dale"]
[Result "1/2-1/2"]
[WhiteElo "1714"]
[BlackElo "1860"]
[PlyCount "84"]
[GameId "2160767911564241"]
[EventDate "2001.07.07"]
[EventType "swiss"]
[EventRounds "10"]
[EventCountry "CAN"]
[SourceTitle "EXT 2006"]
[Source "ChessBase"]
[SourceDate "2005.11.24"]
[SourceVersion "1"]
[SourceVersionDate "2005.11.24"]
[SourceQuality "1"]

1. Nf3 g6 2. e4 d6 3. d4 Bg7 4. h3 c6 5. Be3 Nf6 6. Bd3 Nbd7 7. Nc3 O-O 8. Qd2 Re8 9. e5 dxe5 10. Nxe5 Nd5 11. Nxd5 cxd5 12. f4 f6 13. Nf3 e5 14. fxe5 fxe5 15. dxe5 Nxe5 16. O-O-O Nxf3 17. gxf3 Qf6 18. c3 Qxf3 19. Bh6 Bxh6 20. Qxh6 Qe3+ 21. Qxe3 Rxe3 22. Bf1 Bf5 23. Bg2 Be4 24. Bxe4 dxe4 25. Rd7 Rf8 26. Rxb7 Rf7 27. Rb8+ Kg7 28. Kd2 Rg3 29. Rh2 e3+ 30. Kd3 Rd7+ 31. Ke4 Re7+ 32. Kf4 Rg1 33. Re2 h5 34. Kf3 Rf1+ 35. Kg2 Rf5 36. Rd8 Ref7 37. Rd1 Rf2+ 38. Rxf2 Rxf2+ 39. Kg3 Rd2 40. Re1 Rxb2 41. Rxe3 Rxa2 42. c4 Kf7 1/2-1/2

[Event "CAN-op"]
[Site "Sackville CAN"]
[Date "2001.07.12"]
[Round "7"]
[White "Predescu, Sebastian"]
[Black "Strub, Michael"]
[Result "0-1"]
[WhiteElo "2025"]
[BlackElo "1690"]
[PlyCount "50"]
[GameId "2160767911564242"]
[EventDate "2001.07.07"]
[EventType "swiss"]
[EventRounds "10"]
[EventCountry "CAN"]
[SourceTitle "EXT 2006"]
[Source "ChessBase"]
[SourceDate "2005.11.24"]
[SourceVersion "1"]
[SourceVersionDate "2005.11.24"]
[SourceQuality "1"]

1. e4 e5 2. Nf3 Nf6 3. Nxe5 d6 4. Nf3 Nxe4 5. d4 d5 6. Bd3 Nc6 7. c4 Nb4 8. O-O Be7 9. Re1 Bg4 10. Bxe4 dxe4 11. Rxe4 Bxf3 12. gxf3 f5 13. Re2 O-O 14. Bd2 Rf6 15. Bc3 Rh6 16. Qd2 Na6 17. c5 Rg6+ 18. Kf1 Bg5 19. f4 Qd5 20. Re5 Qh1+ 21. Ke2 Bf6 22. Re3 Rg1 23. Qd3 Rc1 24. a3 Rd8 25. b4 Bh4 0-1

[Event "CAN-op"]
[Site "Sackville CAN"]
[Date "2001.07.12"]
[Round "7"]
[White "Puiras, Jarmo"]
[Black "Berman, Daniel"]
[Result "0-1"]
[WhiteElo "1862"]
[BlackElo "2205"]
[PlyCount "82"]
[GameId "2160767911564243"]
[EventDate "2001.07.07"]
[EventType "swiss"]
[EventRounds "10"]
[EventCountry "CAN"]
[SourceTitle "EXT 2006"]
[Source "ChessBase"]
[SourceDate "2005.11.24"]
[SourceVersion "1"]
[SourceVersionDate "2005.11.24"]
[SourceQuality "1"]

1. e4 e6 2. d4 d5 3. exd5 exd5 4. Nf3 Bd6 5. Nc3 Ne7 6. Bd3 Nbc6 7. Nb5 Bg4 8. c3 Qd7 9. h3 Bh5 10. Nxd6+ Qxd6 11. Be3 O-O-O 12. g4 Bg6 13. Qc2 Qf6 14. Nd2 h5 15. O-O-O Rh7 16. g5 Qe6 17. Rde1 Rhh8 18. Bf4 Qd7 19. Nb3 b6 20. h4 Kb8 21. f3 Bxd3 22. Qxd3 g6 23. Qd2 Nf5 24. Qh2 Rde8 25. Kd2 Kb7 26. Nc1 Rxe1 27. Rxe1 Re8 28. Rxe8 Qxe8 29. Nd3 Qe7 30. Qh1 Na5 31. b3 Qa3 32. Nb4 c5 33. dxc5 bxc5 34. Qf1 Qb2+ 35. Nc2 Kb6 36. Qe2 d4 37. cxd4 Nxd4 38. Qd3 Nac6 39. Qc3 Qxa2 40. Kd3 Nxc2 41. Ke2 N2d4+ 0-1

[Event "CAN-op"]
[Site "Sackville CAN"]
[Date "2001.07.12"]
[Round "7"]
[White "Richard, Andy"]
[Black "Quiring, John"]
[Result "1/2-1/2"]
[WhiteElo "1675"]
[BlackElo "1974"]
[PlyCount "95"]
[GameId "2160767911564244"]
[EventDate "2001.07.07"]
[EventType "swiss"]
[EventRounds "10"]
[EventCountry "CAN"]
[SourceTitle "EXT 2006"]
[Source "ChessBase"]
[SourceDate "2005.11.24"]
[SourceVersion "1"]
[SourceVersionDate "2005.11.24"]
[SourceQuality "1"]

1. Nf3 g6 2. d4 d6 3. c4 Nf6 4. Nc3 Bg7 5. e4 O-O 6. Be2 e5 7. d5 Na6 8. O-O Ne8 9. Nd2 f5 10. exf5 gxf5 11. Nf3 Nf6 12. Bg5 Qe8 13. Qd2 Bd7 14. Bh6 Qg6 15. Bxg7 Qxg7 16. Qg5 h6 17. Qxg7+ Kxg7 18. Rad1 Rae8 19. a3 Nc5 20. b4 Nce4 21. Nxe4 Nxe4 22. Bd3 Ng5 23. Nd2 Nh7 24. Bc2 Nf6 25. f3 Ra8 26. a4 a5 27. b5 b6 28. Rde1 Rae8 29. Bb1 h5 30. h4 Ng8 31. g3 Ne7 32. Kh2 Ng6 33. Rg1 Kh6 34. Bc2 Re7 35. Rg2 Rg7 36. Reg1 Rfg8 37. Bb1 Ne7 38. Bc2 f4 39. Bb1 Bf5 40. Ne4 fxg3+ 41. Rxg3 Rxg3 42. Rxg3 Rxg3 43. Kxg3 Ng6 44. Bd3 Nf4 45. Bf1 Kg6 46. Kh2 Bd7 47. Kg3 Kf5 48. Kh2 1/2-1/2

[Event "CAN-op"]
[Site "Sackville CAN"]
[Date "2001.07.12"]
[Round "7"]
[White "Rutherford, John"]
[Black "Hensel, George"]
[Result "1-0"]
[WhiteElo "1605"]
[BlackElo "1705"]
[PlyCount "95"]
[GameId "2160767911564245"]
[EventDate "2001.07.07"]
[EventType "swiss"]
[EventRounds "10"]
[EventCountry "CAN"]

1. Nf3 Nf6 2. g3 d5 3. c3 Nc6 4. d4 h6 5. Bf4 e6 6. Bg2 Ne7 7. Ne5 Ng6 8. Nxg6 fxg6 9. Nd2 Qd7 10. Nf3 Bd6 11. Bxd6 cxd6 12. Nh4 Qf7 13. Qd3 g5 14. Ng6 Rg8 15. h4 g4 16. f4 h5 17. O-O Bd7 18. b4 a6 19. a4 b5 20. a5 O-O-O 21. Rae1 Kc7 22. e4 Qxg6 23. f5 dxe4 24. Bxe4 exf5 25. Bxf5 Bxf5 26. Rxf5 Qh7 27. c4 Rb8 28. Re7+ Kd8 29. Re6 Kd7 30. Rxd6+ Ke7 31. Re6+ Kd7 32. c5 Rge8 33. d5 Rxe6 34. c6+ Kd6 35. dxe6+ Kxe6 36. Rxf6+ Kxf6 37. Qxh7 Rc8 38. Qxh5 Rxc6 39. Qg5+ Kf7 40. Qd5+ Re6 41. Qf5+ Rf6 42. Qxg4 Rg6 43. Qd7+ Kg8 44. g4 Rf6 45. Qc8+ Kh7 46. g5 Rd6 47. Qf5+ Kh8 48. Qf8+ 1-0

[Event "CAN-op"]
[Site "Sackville CAN"]
[Date "2001.07.12"]
[Round "7"]
[White "Saunders, Stephen"]
[Black "Chang, Martin1"]
[Result "1/2-1/2"]
[WhiteElo "2057"]
[BlackElo "1829"]
[PlyCount "50"]
[GameId "2160767911564246"]
[EventDate "2001.07.07"]
[EventType "swiss"]
[EventRounds "10"]
[EventCountry "CAN"]
[SourceTitle "EXT 2006"]
[Source "ChessBase"]
[SourceDate "2005.11.24"]
[SourceVersion "1"]
[SourceVersionDate "2005.11.24"]
[SourceQuality "1"]

1. d4 d5 2. c4 e6 3. Nc3 Nf6 4. cxd5 exd5 5. Bg5 Be7 6. e3 c6 7. Qc2 Nbd7 8. Bd3 h6 9. Bf4 O-O 10. h3 Re8 11. Nf3 Nf8 12. O-O-O Be6 13. g4 N6h7 14. Rdg1 Ng5 15. Nd2 c5 16. dxc5 Bxc5 17. h4 Ne4 18. Bxe4 dxe4 19. Ndxe4 Bb4 20. a3 Bxc3 21. Nxc3 Rc8 22. Be5 Bd5 23. e4 Rxe5 24. exd5 Rxd5 25. Rd1 Rxd1+ 1/2-1/2

[Event "CAN-op"]
[Site "Sackville CAN"]
[Date "2001.07.12"]
[Round "7"]
[White "Sauve, Richard"]
[Black "Poitras, Luc"]
[Result "1-0"]
[WhiteElo "1945"]
[BlackElo "2200"]
[PlyCount "101"]
[GameId "2160767911564247"]
[EventDate "2001.07.07"]
[EventType "swiss"]
[EventRounds "10"]
[EventCountry "CAN"]

1. d4 Nf6 2. c4 e6 3. Nc3 Bb4 4. Qc2 O-O 5. a3 Bxc3+ 6. Qxc3 h6 7. g3 d6 8. Bg2 Nc6 9. Nf3 a5 10. b3 Qe7 11. Bb2 Ne4 12. Qc2 f5 13. O-O d5 14. Rac1 Bd7 15. Ne1 Be8 16. f3 Nf6 17. Nd3 dxc4 18. bxc4 Rd8 19. e3 Nd7 20. e4 fxe4 21. fxe4 Rxf1+ 22. Rxf1 Bg6 23. Nf4 Bh7 24. Qb3 e5 25. Nd5 Qg5 26. Nxc7 Rf8 27. Rxf8+ Nxf8 28. d5 Nd4 29. Qd3 Nd7 30. Bxd4 exd4 31. Qxd4 Qc1+ 32. Bf1 Nf6 33. d6 Bxe4 34. d7 Nxd7 35. Qxe4 Nf6 36. Qe6+ Kh8 37. Ne8 Nxe8 38. Qxe8+ Kh7 39. Qe4+ Kh8 40. a4 b6 41. Kg2 Qd2+ 42. Kh3 Qd7+ 43. Qg4 Qd6 44. Qc8+ Kh7 45. Qf5+ g6 46. Qf7+ Kh8 47. Qd5 Qf6 48. Bd3 Kg7 49. Qe4 g5 50. Qh7+ Kf8 51. Qf5 1-0

[Event "CAN-op"]
[Site "Sackville CAN"]
[Date "2001.07.12"]
[Round "7"]
[White "Senecal, Jean-Pierre"]
[Black "Wiratunga, Sheran"]
[Result "1-0"]
[WhiteElo "1603"]
[BlackElo "1422"]
[PlyCount "95"]
[GameId "2160767911564248"]
[EventDate "2001.07.07"]
[EventType "swiss"]
[EventRounds "10"]
[EventCountry "CAN"]
[SourceTitle "EXT 2006"]
[Source "ChessBase"]
[SourceDate "2005.11.24"]
[SourceVersion "1"]
[SourceVersionDate "2005.11.24"]
[SourceQuality "1"]

1. e4 c5 2. c3 d5 3. e5 Nc6 4. Nf3 Bg4 5. Bb5 Qc7 6. d4 cxd4 7. cxd4 e6 8. O-O Bb4 9. a3 Ba5 10. b4 Bb6 11. Be3 Nge7 12. Nbd2 O-O 13. Bd3 f6 14. Rc1 Qd7 15. exf6 Rxf6 16. Qc2 Ng6 17. h3 Bf5 18. h4 Nce7 19. Nh2 Rc8 20. Qb3 Bxd3 21. Rxc8+ Qxc8 22. Qxd3 Nf5 23. Ndf3 h6 24. Ng4 Rf7 25. Nfe5 Nxe5 26. Nxe5 Rc7 27. a4 Rc3 28. Qe2 Bxd4 29. Bf4 Bxe5 30. Qxe5 Rc6 31. Re1 Kf7 32. Qe2 Rc2 33. Qd1 d4 34. g4 Ne7 35. g5 Qc4 36. Qh5+ Kf8 37. gxh6 d3 38. hxg7+ Kxg7 39. Be5+ Kf8 40. Qh8+ Ng8 41. Qg7+ Ke8 42. Qxg8+ Ke7 43. Qg7+ Kd8 44. Bf6+ Ke8 45. Qg8+ Kd7 46. Qf7+ Kc8 47. Qe8+ Kc7 48. Qd8+ 1-0

[Event "CAN-op"]
[Site "Sackville CAN"]
[Date "2001.07.12"]
[Round "7"]
[White "Smith, Andrew I"]
[Black "Peters, Michael"]
[Result "1-0"]
[WhiteElo "1922"]
[BlackElo "1748"]
[PlyCount "93"]
[GameId "2160767911564249"]
[EventDate "2001.07.07"]
[EventType "swiss"]
[EventRounds "10"]
[EventCountry "CAN"]
[SourceTitle "EXT 2006"]
[Source "ChessBase"]
[SourceDate "2005.11.24"]
[SourceVersion "1"]
[SourceVersionDate "2005.11.24"]
[SourceQuality "1"]

1. e4 c5 2. Nc3 d6 3. g3 g6 4. Bg2 Bg7 5. Nge2 Nc6 6. O-O e6 7. d3 Nge7 8. Bg5 O-O 9. Rb1 a6 10. Qd2 Qc7 11. a3 Rb8 12. Bh6 b5 13. Bxg7 Kxg7 14. Nd1 Bb7 15. Ne3 Qa5 16. b4 cxb4 17. axb4 Qb6 18. Kh1 Rbc8 19. c3 f5 20. h4 Ne5 21. Nd4 Rf6 22. f4 Nf7 23. g4 Nd8 24. gxf5 exf5 25. Qf2 Qc7 26. Rbc1 Bc6 27. c4 Qb7 28. Nd5 Nxd5 29. exd5 Bd7 30. c5 dxc5 31. bxc5 Be8 32. Rfe1 Nf7 33. d6 Bc6 34. Nxc6 Rxc6 35. Bxc6 Qxc6+ 36. Kh2 Nd8 37. Qd4 Qf3 38. Re7+ Kh6 39. Rce1 Nc6 40. Qe3 Qg4 41. d7 Nd4 42. Qxd4 Qxh4+ 43. Kg2 Qg4+ 44. Kf2 Qh4+ 45. Ke2 Qg4+ 46. Kd2 Qg2+ 47. R1e2 1-0

[Event "CAN-op"]
[Site "Sackville CAN"]
[Date "2001.07.12"]
[Round "7"]
[White "Smith, Jody"]
[Black "Chranowski, Rick"]
[Result "0-1"]
[WhiteElo "1740"]
[BlackElo "1913"]
[PlyCount "48"]
[GameId "2160767911564250"]
[EventDate "2001.07.07"]
[EventType "swiss"]
[EventRounds "10"]
[EventCountry "CAN"]
[SourceTitle "EXT 2006"]
[Source "ChessBase"]
[SourceDate "2005.11.24"]
[SourceVersion "1"]
[SourceVersionDate "2005.11.24"]
[SourceQuality "1"]

1. d4 b6 2. Nf3 Bb7 3. Nc3 e6 4. a3 f5 5. Bf4 Nf6 6. e3 Be7 7. Be2 O-O 8. O-O Ne4 9. Nb5 Na6 10. h3 c6 11. Nc3 Nxc3 12. bxc3 Nc7 13. c4 Ne8 14. c3 Nf6 15. Qb3 Ba6 16. Rfe1 Ne4 17. Rad1 Qc8 18. Ne5 Bh4 19. Nd3 d5 20. g3 dxc4 21. Nb4 cxb3 22. Bxa6 Qd7 23. gxh4 b2 24. Rb1 Nd2 0-1

[Event "CAN-op"]
[Site "Sackville CAN"]
[Date "2001.07.12"]
[Round "7"]
[White "Sullivan, Brian"]
[Black "Robertson, Matthew"]
[Result "1-0"]
[WhiteElo "1738"]
[BlackElo "2032"]
[PlyCount "73"]
[GameId "2160767911564251"]
[EventDate "2001.07.07"]
[EventType "swiss"]
[EventRounds "10"]
[EventCountry "CAN"]
[SourceTitle "EXT 2006"]
[Source "ChessBase"]
[SourceDate "2005.11.24"]
[SourceVersion "1"]
[SourceVersionDate "2005.11.24"]
[SourceQuality "1"]

1. Nf3 d5 2. g3 c6 3. d4 Bg4 4. Nbd2 Nd7 5. Bg2 e6 6. O-O f5 7. c4 Bd6 8. Qb3 Rb8 9. e3 Ngf6 10. Re1 O-O 11. c5 Bc7 12. Qa4 a6 13. b4 Ne4 14. Qc2 Qe8 15. a4 Qh5 16. b5 Rf6 17. b6 Bd8 18. Ne5 Nxe5 19. dxe5 Rh6 20. Nf1 Be7 21. Ba3 Bf3 22. Bxf3 Qxf3 23. Qe2 Ng5 24. h4 Rd8 25. Nd2 Qxe2 26. Rxe2 Ne4 27. Nb3 g5 28. hxg5 Nxg5 29. Kg2 Kf7 30. Nd4 Bf8 31. Nb3 Bg7 32. Bb2 Rg8 33. Na5 Rb8 34. Rd1 Bf8 35. Rc2 Ne4 36. Bd4 Nxf2 37. Rxf2 1-0

[Event "CAN-op"]
[Site "Sackville CAN"]
[Date "2001.07.12"]
[Round "7"]
[White "Tassone, Adam"]
[Black "Marghetis, Aris"]
[Result "1/2-1/2"]
[WhiteElo "1678"]
[BlackElo "1941"]
[PlyCount "41"]
[GameId "2160767911564252"]
[EventDate "2001.07.07"]
[EventType "swiss"]
[EventRounds "10"]
[EventCountry "CAN"]
[SourceTitle "EXT 2006"]
[Source "ChessBase"]
[SourceDate "2005.11.24"]
[SourceVersion "1"]
[SourceVersionDate "2005.11.24"]
[SourceQuality "1"]

1. e4 Nf6 2. Nc3 d5 3. e5 d4 4. exf6 dxc3 5. fxg7 cxd2+ 6. Qxd2 Qxd2+ 7. Bxd2 Bxg7 8. O-O-O Bg4 9. Be2 Be6 10. a3 Nd7 11. Nf3 Nc5 12. Be3 Ne4 13. Nd4 Bd7 14. Rhe1 Nd6 15. Bf3 O-O-O 16. Nb3 b6 17. Bd4 Bh6+ 18. Kb1 Rhe8 19. Bh5 Bf5 20. Bf3 Nc4 21. Bc3 1/2-1/2

[Event "CAN-op"]
[Site "Sackville CAN"]
[Date "2001.07.12"]
[Round "7"]
[White "Taylor, William"]
[Black "Brun, Jacques L"]
[Result "1/2-1/2"]
[WhiteElo "1953"]
[BlackElo "1767"]
[PlyCount "79"]
[GameId "2160767911564253"]
[EventDate "2001.07.07"]
[EventType "swiss"]
[EventRounds "10"]
[EventCountry "CAN"]
[SourceTitle "EXT 2006"]
[Source "ChessBase"]
[SourceDate "2005.11.24"]
[SourceVersion "1"]
[SourceVersionDate "2005.11.24"]
[SourceQuality "1"]

1. f4 d5 2. e3 Nf6 3. b3 c5 4. Bb2 Nc6 5. Nf3 Bg4 6. h3 Bxf3 7. Qxf3 e6 8. Bb5 Rc8 9. O-O Be7 10. c4 a6 11. Bxc6+ Rxc6 12. d3 O-O 13. Nc3 Qd7 14. cxd5 Nxd5 15. Nxd5 exd5 16. Rad1 Bf6 17. Bxf6 Rxf6 18. e4 dxe4 19. dxe4 Qc7 20. e5 Re6 21. Rd3 c4 22. Rc3 b5 23. Rfc1 Rc6 24. a4 Rc8 25. axb5 axb5 26. Qd5 Rc5 27. Qd4 Rd8 28. Qe4 Rc8 29. e6 fxe6 30. Qxe6+ Qf7 31. Qe3 Qe8 32. Kf2 Qc6 33. g4 Re8 34. Qf3 Rd5 35. R1c2 Qc5+ 36. Kg2 Rd4 37. bxc4 Rxc4 38. Rxc4 bxc4 39. h4 Rc8 40. Qe4 1/2-1/2

[Event "CAN-op"]
[Site "Sackville CAN"]
[Date "2001.07.12"]
[Round "7"]
[White "Tremblay, Brent"]
[Black "Ramaswamy, Kishor"]
[Result "0-1"]
[WhiteElo "1634"]
[BlackElo "1908"]
[PlyCount "102"]
[GameId "2160767911564254"]
[EventDate "2001.07.07"]
[EventType "swiss"]
[EventRounds "10"]
[EventCountry "CAN"]
[SourceTitle "EXT 2006"]
[Source "ChessBase"]
[SourceDate "2005.11.24"]
[SourceVersion "1"]
[SourceVersionDate "2005.11.24"]
[SourceQuality "1"]

1. d4 d5 2. c4 e6 3. Nf3 Nf6 4. Bg5 Nbd7 5. e3 c6 6. Nc3 Qa5 7. Qc2 Ne4 8. Bf4 Bb4 9. Nd2 Nxc3 10. bxc3 Bxc3 11. Rb1 Nf6 12. cxd5 cxd5 13. Rb5 Bxd2+ 14. Qxd2 Qxd2+ 15. Kxd2 b6 16. Bd3 Ba6 17. Rbb1 Bxd3 18. Kxd3 Rc8 19. Rhc1 Kd7 20. f3 Rxc1 21. Rxc1 Rc8 22. Rxc8 Kxc8 23. Be5 Ne8 24. h4 g6 25. g4 Kd7 26. e4 Kc6 27. exd5+ Kxd5 28. f4 f6 29. Bb8 a6 30. f5 exf5 31. gxf5 gxf5 32. Ba7 b5 33. Bc5 h5 34. Ke3 Ke6 35. Kf4 Nc7 36. Ke3 Nd5+ 37. Ke2 Nc3+ 38. Kd2 Ne4+ 39. Ke3 Nxc5 40. dxc5 Kd5 41. Kf4 b4 42. Kxf5 a5 43. Kxf6 a4 44. Kg5 b3 45. axb3 axb3 46. Kxh5 b2 47. Kg5 b1=Q 48. h5 Qh7 49. h6 Kxc5 50. Kh5 Kd5 51. Kg5 Ke5 0-1

[Event "CAN-op"]
[Site "Sackville CAN"]
[Date "2001.07.12"]
[Round "7"]
[White "Urquhart, Eddie"]
[Black "Solis, Jaime"]
[Result "1-0"]
[WhiteElo "2233"]
[BlackElo "1970"]
[PlyCount "123"]
[GameId "2160767911564255"]
[EventDate "2001.07.07"]
[EventType "swiss"]
[EventRounds "10"]
[EventCountry "CAN"]
[SourceTitle "EXT 2006"]
[Source "ChessBase"]
[SourceDate "2005.11.24"]
[SourceVersion "1"]
[SourceVersionDate "2005.11.24"]
[SourceQuality "1"]

1. e4 e5 2. Nf3 Nc6 3. d4 exd4 4. Bc4 Bb4+ 5. c3 dxc3 6. O-O Nge7 7. Ng5 Ne5 8. Nxf7 Nxf7 9. Bxf7+ Kxf7 10. Qb3+ d5 11. Qxb4 dxe4 12. Nxc3 Rf8 13. Nxe4 h6 14. Bf4 Nc6 15. Qb3+ Kg6 16. Qg3+ Kh7 17. Bxc7 Qd4 18. Nc3 Bf5 19. Rad1 Qf6 20. Bd6 Rf7 21. Bc5 Re8 22. Nb5 Re2 23. Nd6 Rd7 24. Nxf5 Rxd1 25. Rxd1 Qxf5 26. Ba3 Rd2 27. Rf1 a6 28. h3 Rd3 29. Qc7 Rd7 30. Qc8 Qf7 31. Qf8 Qxf8 32. Bxf8 Kg8 33. Ba3 Kf7 34. Rc1 h5 35. Rc3 g6 36. Bc5 Rd5 37. Be3 Ke6 38. Kf1 Rb5 39. b3 Rd5 40. Ke2 Ra5 41. a4 Rd5 42. Bb6 Rd7 43. Rd3 Rg7 44. Bc5 Kf5 45. Ba3 Ke6 46. g4 hxg4 47. hxg4 Rc7 48. Rd6+ Kf7 49. f4 Na5 50. Rd3 Ke6 51. Ke3 Kf7 52. Ke4 Ke6 53. g5 Kf7 54. f5 gxf5+ 55. Kxf5 Nc6 56. g6+ Kg8 57. Kf6 Rg7 58. Re3 Kh8 59. Bb2 b5 60. Re8+ Rg8 61. Kf7+ Ne5+ 62. Bxe5# 1-0

[Event "CAN-op"]
[Site "Sackville CAN"]
[Date "2001.07.12"]
[Round "7"]
[White "Villeneuve, Luc"]
[Black "Strojevs, Alexander"]
[Result "0-1"]
[WhiteElo "1631"]
[BlackElo "1809"]
[PlyCount "134"]
[GameId "2160767911564256"]
[EventDate "2001.07.07"]
[EventType "swiss"]
[EventRounds "10"]
[EventCountry "CAN"]
[SourceTitle "EXT 2006"]
[Source "ChessBase"]
[SourceDate "2005.11.24"]
[SourceVersion "1"]
[SourceVersionDate "2005.11.24"]
[SourceQuality "1"]

1. e4 c5 2. Nf3 d6 3. Bb5+ Bd7 4. a4 a6 5. Bxd7+ Nxd7 6. d4 cxd4 7. Qxd4 Ngf6 8. Nc3 e6 9. O-O Be7 10. Re1 O-O 11. Bg5 Qb6 12. Qd2 Rac8 13. Ra2 Rfd8 14. Qe2 h6 15. a5 Qc7 16. Bd2 Qc4 17. Ra4 Qc7 18. h3 Nh7 19. Be3 Re8 20. Nd2 Bf6 21. Bd4 Be7 22. Nc4 Nhf6 23. Nb6 Nxb6 24. Bxb6 Qd7 25. Rd4 Qc6 26. Red1 Nd7 27. Rb4 Nxb6 28. Rxb6 Qc7 29. Rd4 d5 30. Rb3 Bc5 31. Rd1 d4 32. Na4 e5 33. Rd2 Qxa5 34. Nxc5 Rxc5 35. Rxb7 Rec8 36. b4 Qa1+ 37. Rd1 Qb2 38. bxc5 Qxb7 39. Qc4 Qc6 40. f3 Qxc5 41. Qxc5 Rxc5 42. Ra1 Rc6 43. Ra2 Kf8 44. Kf2 g5 45. g4 Kg7 46. Ke2 Kg6 47. Kd2 h5 48. Ra5 f6 49. Ra1 h4 50. Ra3 Kf7 51. Rb3 Ke7 52. Rb2 Kd6 53. Rb7 Kc5 54. Rb1 a5 55. Ra1 Kb5 56. Rb1+ Ka6 57. Rc1 a4 58. Ra1 Ka5 59. Ra2 Kb4 60. Ra1 a3 61. Rb1+ Ka4 62. Rb8 Rc5 63. Rb1 a2 64. Ra1 Ka3 65. Kc1 d3 66. f4 Rxc2+ 67. Kd1 Kb2 0-1